[Event "Caorle op-B"]
[Site "Caorle"]
[Date "1991.07.10"]
[Round "5.7"]
[White "De Tommasi, Sergio"]
[Black "Stipic, Bruno"]
[Result "1-0"]
[WhiteElo "1884"]
[BlackElo "2000"]
[PlyCount "128"]
[EventDate "1991.07.05"]
[EventType "swiss"]
[EventRounds "8"]
[EventCountry "ITA"]
[SourceTitle "EXT 2023"]
[Source "ChessBase"]
[SourceDate "2022.10.05"]
[SourceVersion "1"]
[SourceVersionDate "2022.10.05"]
[SourceQuality "1"]

1. d4 Nf6 2. c4 c5 3. d5 b5 4. cxb5 a6 5. bxa6 Bxa6 6. Nc3 d6 7. Nf3 g6 8. g3 Bg7 9. e4 Bxf1 10. Kxf1 Nbd7 11. Kg2 0-0 12. Re1 Ng4 13. Qc2 Qb6 14. h3 Nge5 15. Re2 Qb4 16. a3 Qc4 17. b3 Qa6 18. Ra2 Rfb8 19. Ne1 Nb6 20. f4 Ned7 21. Nf3 Qb7 22. Be3 Nf6 23. a4 Nc8 24. Nb5 Na7 25. Nxa7 Rxa7 26. Nd2 Nd7 27. Bf2 Raa8 28. Qd3 h5 29. Rc2 Ra6 30. Nf3 Rb6 31. Nd2 Ra8 32. Rc1 Rb4 33. Re3 Rb8 34. Rc2 Bd4 35. Re2 Bg7 36. Ra2 Ra8 37. Re3 Nf6 38. Be1 Rb6 39. Nc4 Rba6 40. Rb2 Nd7 41. Bc3 Nf6 42. Rb1 Rb8 43. Bxf6 Bxf6 44. e5 dxe5 45. fxe5 Bg5 46. Ree1 e6 47. Red1 Be7 48. Qf3 exd5 49. Rxd5 Rxa4 50. Rf1 Ra2+ 51. Kg1 Rf8 52. Rd3 Qc8 53. g4 h4 54. Nb6 Qe6 55. Nc4 Rfa8 56. Rfd1 Ra1 57. R3d2 Kg7 58. Rxa1 Rxa1+ 59. Kg2 Rb1 60. Rf2 Rc1 61. Ne3 Rc3 62. Nf5+ gxf5 63. Qxc3 fxg4 64. hxg4 Qxg4+ 1-0

[Event "Secondario 15th"]
[Site "Caorle"]
[Date "1990.07.14"]
[Round "8.13"]
[White "Zacco, Remo"]
[Black "De Tommasi, Sergio"]
[Result "0-1"]
[WhiteElo "1776"]
[BlackElo "1800"]
[PlyCount "60"]
[EventDate "1990.07.07"]
[EventType "swiss"]
[EventRounds "8"]
[EventCountry "ITA"]
[SourceTitle "EXT 2023"]
[Source "ChessBase"]
[SourceDate "2022.10.05"]
[SourceVersion "1"]
[SourceVersionDate "2022.10.05"]
[SourceQuality "1"]

1. e4 c5 2. c3 d5 3. exd5 Qxd5 4. d4 cxd4 5. cxd4 Nc6 6. Nf3 e5 7. Nc3 Bb4 8. Be3 exd4 9. Nxd4 Nf6 10. Ndb5 Qe5 11. Be2 0-0 12. 0-0 a6 13. Nd4 Bd6 14. Nf3 Qe7 15. Bg5 Rd8 16. Qa4 h6 17. Bh4 Bd7 18. Nd5 Qxe2 19. Nxf6+ gxf6 20. Rfe1 Qb5 21. Qd1 Bg4 22. Qc1 Bxf3 23. Qxh6 Qh5 24. Qxf6 Be5 25. Rxe5 Nxe5 26. gxf3 Nxf3+ 27. Kh1 Nxh4 28. Rg1+ Ng6 29. f3 Rd2 30. h4 Rad8 0-1